Aktivní vztah k zákazníkům pomocí CRM strategie, praktické příklady a scénáře

Salvato in:
Dettagli Bibliografici
Autore principale: Wessling, Harry
Natura: Libro
Lingua:ceco
Pubblicazione: Praha Grada Publishing 2003
Serie:Manažer
Soggetti:
Tags: Aggiungi Tag
Nessun Tag, puoi essere il primo ad aggiungerne!!

MARC

LEADER 00000nam a2200000 4500
001 c142557
005 20240315114346.9
020 |a 80-247-0569-9 
041 0 |a cze 
044 |a CZ 
245 1 0 |a Aktivní vztah k zákazníkům pomocí CRM  |b strategie, praktické příklady a scénáře  |c Harry Wessling 
264 1 |a Praha  |b Grada Publishing  |c 2003 
300 |a 192 s. 
490 1 |a Manažer 
830 0 |a Manažer 
610 2 0 |a zákazníci 
610 2 0 |a riadenie 
610 2 0 |a vzťahy pracovné 
610 2 0 |a práca s ľuďmi 
610 2 0 |a podnik 
610 2 0 |a projekty 
610 2 0 |a plánovanie projektové 
610 2 0 |a náklady 
610 2 0 |a hodnotenie práce 
610 2 0 |a manažment 
610 2 0 |a systém CRM 
100 1 |a Wessling, Harry